| 000 | 00454nam a22001457a 4500 | ||
|---|---|---|---|
| 082 |
_a297.1225521 _bQAR _cL-31, P-131 |
||
| 100 |
_aBegum aisha baani waqf. _947080 |
||
| 245 |
_aThe glorious quran _cBegum aisha baani waqf. Pickthall |
||
| 260 |
_aKarachi. _bMashhoor offset press. |
||
| 300 |
_a767 p. _bill. _c26 cm. |
||
| 526 |
_a0 _b0 _c0 _d297_122552100000000_QAR |
||
| 526 |
_a0 _b0 _c0 _d297_122552100000000_QAR |
||
| 650 |
_aMCE _9379 |
||
| 942 |
_2ddc _cBK |
||
| 999 |
_c550378 _d550378 |
||